00470nam a2200133Ia 4500008004100000041000800041100001300049245007000062260003300132300000800165700004400173999001900217952010000236250110s9999 xx 000 0 und d aeng aBarve R. aLandscape Master Plan Proposal For An Urban Park : At Taljai Pune bM Arch Landscape, Punec2009 a80p aGuide Name:Sahastrabuddhe Swati9209694 c362884d362884 00104070aBNCAbBNCAd2009-06-30l0pBNCA-PR-384r2025-01-10 00:00:00w2025-01-10yPRzPR0384